Esbozo de historia universal / (Registro nro. 14047)

Detalles MARC
000 -LIDER
fixed length control field 00688nam a2200253 a 4500
001 - NÚMERO DE CONTROL
Identificador de número de control
003 - IDENTIFICACDOR DE NÚMERO DE CONTROL
control field DO-SdBNP
005 - DATE AND TIME OF LATEST TRANSACTION
control field 20250130111043.0
008 - ELEMENTOS DE LONGITUD FIJA
fixed length control field 110923s2002 mx ab 000 0 spa d
020 ## - ISBN
International Standard Book Number 9700512150
040 ## - FUENTE DE CATALOGACIÓN
Agencia que crea de manera original el registro DO-SdBNP
Idioma de catalogación spa
Agencia que realiza la transcripción BPMSU
082 ## - NÚMERO DE CLASIFICACIÓN DECIMAL DE DEWEY
Classification number 909
Item number B868e 2002
Edition number 22
100 1# - ASIENTO PRINCIPAL -- NOMBRE PERSONAL
Nombre personal Brom, Juan
245 10 - MENCIÓN DE TITULO
Título Esbozo de historia universal /
Mención de responsabilidad Juan Brom.
250 ## - MENCIÓN DE EDICION
Mención de edición 10a ed.
260 ## - PUBLICACIÓN, DISTRIBUCIÓN, ETC. (PIE DE IMPRENTA)
Lugar de publicación, distribución, etc México :
Nombre del editor, distribuidor, etc. Grijalbo,
Fecha de publicación, distribución, etc 2002
300 ## - DESCRIPCIÓN FÍSICA
Extensión 317 p. ;
Dimensiones 21 cm.
504 ## - NOTA DE BIBLIOGRAFÍA, ETC.
Bibliography, etc Bibliografía : p.307-317
590 ## - NOTA LOCAL
Enlace Inventariado, 2022/VM
650 #4 - ENCABEZAMIENTO DE MATERIA--TEMÁTICO
Término temático o nombre geográfico como elemento de entrada Historia universal.
830 #0 - ASIENTO SECUNDARIO DE SERIE--TÍTULO UNIFORME
Título uniforme Tratados y manuales
910 ## - VALIDACIÓN
Validación VMateo V. Control de calidad BPMSU
942 ## - ADDED ENTRY ELEMENTS (KOHA)
Source of classification or shelving scheme Dewey Decimal Classification
Koha item type Libros
Existencias
Withdrawn status Lost status Source of classification or shelving scheme Damaged status Not for loan Collection code Home library Current library Date acquired Source of acquisition Total Checkouts Full call number Barcode Date last seen Price effective from Koha item type
    Dewey Decimal Classification     Colección General Biblioteca Pública Metropolitana Salomé Ureña Biblioteca Pública Metropolitana Salomé Ureña 02/28/2022 Geraldine de Santis   BPMSU CG 909 B868e 2002 BPMSU22020057 02/28/2022 02/28/2022 Libros